| 000 | 00534nam a2200217Ia 4500 | ||
|---|---|---|---|
| 001 | 121627 | ||
| 003 | YMCAF | ||
| 005 | 20230512163943.0 | ||
| 008 | 221126s1989 ||||||||||||||||| ||und|d | ||
| 020 | _a9788170991145 | ||
| 024 | _a121627 | ||
| 035 | _aDM132 | ||
| 040 |
_aYMCAF _beng _cIN-KoLT |
||
| 041 | _aeng | ||
| 082 |
_a630.3 _bSOM |
||
| 100 | _aSomani, LL | ||
| 245 | 0 |
_aDictionary of agricultural and allied science-I _bDictionary of agronomy |
|
| 260 |
_aDelhi _bK.M Mittal _c1989 |
||
| 300 | _a1142p. | ||
| 942 |
_2ddc _cBK |
||
| 999 |
_c18159 _d18159 |
||